Statistics for Largest Municipalities of MISSISSIPPI by First Letter

Click here to take the quiz!

General Stats

  • This quiz has been taken 38 times
  • The average score is 13 of 24

Answer Stats

LetterPopulationCITY/TOWN% Correct
J164,422Jackson
100%
B45,968Biloxi
93%
G71,870Gulfport
85%
H45,951Hattiesburg
85%
T38,206Tupelo
81%
V22,136Vicksburg
81%
M37,325Meridian
74%
S54,944Southaven
67%
N15,009Natchez
56%
O38,149Olive Branch
56%
R24,188Ridgeland
52%
C25,179Clinton
48%
P26,471Pearl
48%
I9,252Indianola
44%
Y10,825Yazoo City
44%
Q2,111Quitman
41%
L18,478Laurel
37%
U1,924Union
33%
W10,520West Point
30%
A6,872Amory
26%
D13,831D'Iberville
26%
K6,837Kosciusko
26%
F9,219Flowood
22%
E4,914Ellisville
11%

Score Distribution

Percentile by Number Answered

Percent of People with Each Score

Your Score History

You have not taken this quiz